| 000 | 00718nam a2200229 i 4500 | ||
|---|---|---|---|
| 003 | DO-SdBNP | ||
| 005 | 20250224125705.0 | ||
| 007 | ta | ||
| 008 | 250224t19uu dr 001 0 spa d | ||
| 040 |
_aDO-SdBNP _bspa _cBNPHU _erda |
||
| 082 |
_axxxx _bT832 _222 |
||
| 100 | 1 |
_aTrincado, Joaquín _eautor _4aut. _987038 |
|
| 245 | 1 | 3 |
_aEl espiritismo en su asiento / _cJoaquín Trincado |
| 264 | 1 |
_aSanto Domingo : _bEditado por la Escuela Espiritista "Hija de la vérdad", _c[19--]. |
|
| 300 |
_a331 páginas _c21 cm. |
||
| 336 |
_atexto _btxt _2rdacontent |
||
| 337 |
_asin mediación _bn _2rdamedia |
||
| 338 |
_avolumen _bnc _2rdacarrier |
||
| 590 | _aInventariado, 2025/ YL | ||
| 910 | _aYLockward | ||
| 942 |
_2ddc _cLBS1 |
||
| 999 |
_c58204 _d58204 |
||